|
|
|
|
| LEADER |
00000nam0a2200000 4500 |
| 001 |
76474 |
| 005 |
20231101212857.0 |
| 035 |
|
|
|a (RuTPU)RU\TPU\book\81952
|
| 090 |
|
|
|a 76474
|
| 100 |
|
|
|a 20050422d1977 k y0rusy50 ca
|
| 101 |
1 |
|
|a rus
|c eng
|
| 102 |
|
|
|a RU
|
| 105 |
|
|
|a a z 001zy
|
| 200 |
1 |
|
|a Реакционная способность и пути реакций
|e пер. с англ.
|f под ред. Г. Клопмана
|
| 210 |
|
|
|a Москва
|c Мир
|d 1977
|
| 215 |
|
|
|a 383 с.
|c ил.
|
| 300 |
|
|
|a Доп. тит. лист на английском языке
|
| 320 |
|
|
|a Библиогр. в конце гл.
|
| 320 |
|
|
|a Предметный указатель: с. 378-380.
|
| 606 |
1 |
|
|a Органические соединения
|x Реакционная способность
|2 stltpush
|3 (RuTPU)RU\TPU\subj\75591
|9 87299
|
| 610 |
1 |
|
|a органическая химия
|
| 610 |
1 |
|
|a органические реакции
|
| 610 |
1 |
|
|a химические реакции
|
| 610 |
1 |
|
|a библиотека А. Г. Стромберга
|
| 675 |
|
|
|a 547:544.42
|v 3
|
| 702 |
|
1 |
|a Клопман
|b Г.
|4 340
|
| 801 |
|
1 |
|a RU
|b 63413507
|c 20050422
|g PSBO
|
| 801 |
|
2 |
|a RU
|b 63413507
|c 20170918
|g PSBO
|
| 942 |
|
|
|c BK
|